000 00245nam a2200097Ia 4500
001 1049591
005 20250826232316.0
008 250824s9999 xx 000 0 und d
245 0 _aPİRİ TÜRKİSTAN
_cYILMAZ ÖKSÜZ
260 _bKETEBE YAYINLARI
999 _c1049591
_d1049591